000 00357cam a2200157ua 4500
003 OSt
008 240213b |||||||| |||| 00| 0 eng d
041 _amal
082 _a923.2
_bVIN/GA
100 _aVincent, Shean .
_95826
245 _aGandhi /
250 _a1 /
260 _a :
_bDeepam Publishing Company ,
_c1957.
300 _a231 ; .
942 _cBK
999 _c179
_d179